Alcaldes de Badalona (Desde 1979) - Estadísticas

Estadísticas generales
  • Esta prueba ha sido intentada 7 veces
  • La puntuación promedio es 6 de 11
Estadísticas de respuestas
Años Partido Alcalde % Correcto
2011 - 2015 PP Xavier Garcia Albiol
100%
2020 - 2021 PP Xavier Garcia Albiol
100%
2023 - Actual PP Xavier Garcia Albiol
100%
2015 - 2018 Badalona en Comú Dolors Sabater Puig
71%
2018 - 2020 PSC Àlex Pastor López
43%
1999 - 2008 PSC Maite Arqué Ferrer
43%
2021 - 2023 PSC Ruben Guijarro
43%
1983 - 1999 PSC Joan Blanch Rodriguez
29%
2008 - 2011 PSC Jordi Serra Isern
29%
1979 - 1983 PSUC Màrius Diaz
29%
2020 - 2020 Badalona en Comú Podem Aïda Llauradó (en funciones)
0%
No se encontraron pruebas coincidentes
Distribución de puntuación
Porcentaje de gente con cada puntuación
Porcentaje por número respondido
Historial de tus puntuaciones
No has intentado esta prueba.